Statistiques concernant Pays qui battent l'Espagne

Cliquez ici pour prendre le quiz!

Statistiques générales

  • Ce quiz a été pris 2 603 fois
  • Le résultat moyen est 16 sur 20

Statistiques - réponses

RangCatégoriePays% Correct
2Le plus de touristes internationauxFrance
100%
3Le plus d'hispanophonesMexique | Etats-Unis
96%
4Le plus d'ascensions de l'Everest d'EuropeRoyaume-Uni | Russie | France
92%
2Plus grand empire colonialRoyaume-Uni
92%
6Le plus de batailles remportéesFrance | Royaume-Uni | Etats-Unis |
Allemagne | Russie/URSS
92%
4Le plus peuplé de l'Union EuropéenneAllemagne | France | Italie
91%
3Nombre de joueurs de football jouant professionnellement
dans un autre pays
Brésil | France
91%
4Le plus méridional d'EuropeGrèce | Italie | Malte
88%
6Avec la plus grande île en MéditerranéeItalie | Chypre | Royaume-Uni |
Grèce | France
86%
3Exportations vers la France les plus importantesAllemagne | Etats-Unis
86%
3Nombre de sites au patrimoine mondial de l'UNESCOItalie | Chine
84%
2Dont la langue officielle a le plus de locuteurs
dans le monde
Chine
84%
2Production de vin la plus importanteItalie
84%
5Plus importante consommation de viande
par habitant
Luxembourg | Etats-Unis | Australie |
Nouvelle-Zélande
83%
3Capitale la plus devinée quiz des capitales du mondeFrance | Allemagne
81%
3Plus longues côtes méditerranéennesGrèce | Italie | Croatie
77%
3Commençant par "E" le plus septentrionalEstonie | Etats-Unis
74%
6Drapeau avec le plus de jauneBrunei | Vatican | Ukraine |
Colombie | Equateur
70%
2Capitale la plus peuplée de l'Union Européenne (ville seule)Allemagne
65%
2Frontière avec un autre pays la plus courteBotswana/Zambie
11%

Distribution des résultats

Percentile par nombre de réponses

% des personnes avec chaque résultat

Votre développement - résultats

Vous n’avez pas pris ce quiz